ا ٹھا ر و يں صد ی کا شعر ی منظر نا مہ (Record no. 176379)

MARC details
000 -LEADER
fixed length control field 00699nam a22001937a 4500
005 - DATE AND TIME OF LATEST TRANSACTION
control field 20201230151905.0
010 ## - LCCN (DPL NO)
LC control number UR-10969
020 ## - INTERNATIONAL STANDARD BOOK NUMBER
Terms of availability 150.00
International Standard Book Number 9789384255671
035 ## - SYSTEM CONTROL NUMBER
System control number U-9524
037 ## - SOURCE OF ACQUISITION
Source of stock number/acquisition DBAD/PUB
082 ## - DEWEY DECIMAL CLASSIFICATION NUMBER
Classification number 841.08
100 ## - MAIN ENTRY--PERSONAL NAME
Personal name ڈ ا کٹر گلشن
245 ## - TITLE STATEMENT
Title ا ٹھا ر و يں صد ی کا شعر ی منظر نا مہ
Statement of responsibility, etc ڈ ا کٹر گلشن
246 ## - VARYING FORM OF TITLE
Remainder of title Attharvi Sadi Ka Manzar nama (Urdu)
Title proper/short title by Dr. Gulshan
260 ## - PUBLICATION, DISTRIBUTION, ETC. (IMPRINT)
Place of publication, distribution, etc N.Delhi
Name of publisher, distributor, etc Educational Publishing House
Date of publication, distribution, etc 2019 ء
270 ## - ADDRESS
Address H.O.D1/16,Ansari Road,Darya ganj,
City N.Delhi
Postal code 110002
Telephone number 45678285,23216162
Fax number 0091-11-23211540
300 ## - PHYSICAL DESCRIPTION
Extent 288 ص
Dimensions 22 Cm(Hb)
942 ## - ADDED ENTRY ELEMENTS (KOHA)
Source of classification or shelving scheme Dewey Decimal Classification
Item type Urdu Bks
Classification part 841.08
Call number suffix گ ل ش
Holdings
Withdrawn status Lost status Not for loan Collection code Home library Current library Date acquired Source of acquisition Cost, normal purchase price Full call number Barcode Copy number Cost, replacement price Koha item type
      Non-fiction D.B.Act.Division D.B.Act.Division 16/12/2020 DBAD/PUB 150.00 841.08 گ ل ش U-9524 1 150.00 Urdu Bks

© Delhi Public Library
Hit Counter
free hit counter